Cartes utilisées par Jaden dans l'anime Yu-Gi-Oh GX - Statistiques

Statistiques générales
  • Ce quiz a été pris 48 fois
    32 depuis la dernière actualisation
  • Le résultat moyen est 19 sur 29
Statistiques - réponses
Par images Réponse % Correct
Avien, Héros Elementaire
100%
Sparkman, Héros Elementaire
100%
Clayman, Héros Elementaire
97%
Polymérisation
97%
Bubbleman, Héros Elementaire
93%
Burstinatrix, Héros Elementaire
93%
Coeur Farouche, Héros Elementaire
93%
Gratte-Ciel
93%
Kuriboh Ailé
93%
Pot de Cupidité
90%
Neos, Héros Elementaire
86%
Force de Miroir
83%
Géant du Tonnerre, Héros Elementaire
76%
Monster Reborn
76%
Tranchant, Héros Elementaire
72%
Dé-Fusion
59%
Dauphin Aquatique Néo-Spacien
55%
Tempête, Héros Elementaire
55%
Marin, Héros Elementaire
52%
Colibri Aérien Néo-Spacien
48%
Homme-Oiseau de feu, Héros Elementaire
48%
Scarabée Flamboyant Néo-Spacien
48%
Nécrombre, Héros Elementaire
45%
Provisions de secours
41%
Signal du Héros
41%
Limon Luminescent Néo-Spacien
38%
Electrum, Héros Elementaire
24%
Mudballman, Héros Elementaire
24%
Wroughtweiller
24%
Aucun quiz correspondant
Distribution des résultats
% des personnes avec chaque résultat
Percentile par nombre de réponses
Votre historique - résultats
Vous n’avez pas pris ce quiz depuis la dernière actualisation